Statistiques concernant Paroles l'été indien - Joe Dassin

Cliquez ici pour prendre le quiz!

Statistiques générales

  • Ce quiz a été pris 103 fois
  • Le résultat moyen est 183 sur 278

Statistiques - réponses

Réponse% Correct
et
95%
Et
95%
indien
94%
Tu
94%
tu,
94%
tu
94%
a
93%
à
93%
93%
la
93%
La
93%
le
93%
On
93%
on
93%
de
89%
89%
89%
ce
88%
Sera
88%
sera
88%
ira
86%
voudras
86%
voudras,
86%
en
85%
quand
85%
encore
83%
l'amour
83%
matin
83%
mort
81%
l'été
80%
tout
80%
vie
79%
s'aimera
78%
Aux
75%
été
75%
Lorsque
75%
couleurs
74%
Toute
74%
Un
74%
un
74%
pareille
73%
je
71%
Je
71%
que
70%
une
70%
Une
70%
me
65%
si
65%
Il
61%
il
61%
sais
58%
ta
56%
fais
53%
jamais
53%
es
51%
n'ai
50%
Nous
50%
pour
50%
toi
50%
toi?
50%
y
50%
Mais
49%
qui
49%
souviens
48%
éternité,
46%
éternité
46%
aussi
45%
dans
45%
an
44%
an,
44%
des
44%
heureux
44%
siècle,
44%
sur
44%
Est
43%
Comme
41%
comme
41%
Marie
41%
plage
41%
c'est
40%
Du
40%
du
40%
beau
39%
c'était
39%
C'était
39%
faisait
38%
pense
38%
dit
35%
marchions
35%
nôtre
35%
saison
35%
Laurencin
34%
Nord
34%
peu
34%
cette
33%
elle
33%
l'Amérique
33%
l'appelle
33%
soleil
33%
aquarelle
31%
Avec
31%
ci
31%
n'existe
31%
ressemblais
31%
simplement
31%
Là-bas
30%
bien
29%
sable
29%
t'ai
29%
automne
28%
étais
26%
robe
26%
vois,
26%
celle
25%
suis
25%
très
25%
Aujourd'hui
23%
j'existe
23%
l'automne
23%
regarde
23%
loin
20%
vague
20%
j'y
19%
mer
19%
longue
18%
couche
16%
d'automne
16%
n'atteindra
15%
dune
14%
arrière
11%
reviens
11%
hautes
9%
marées
9%
bonheur
8%
passaient
6%

Distribution des résultats

Percentile par nombre de réponses

% des personnes avec chaque résultat

Votre développement - résultats

Vous n’avez pas pris ce quiz